00822nam a2200241Ia 450000500170000000800410001702000310005808200160008911000290010524500660013425000190020030000180021950500350023765000340027265000480030665000450035465000330039926400250043233600270045733700330048433800280051704000350054520220317000757.0160601s2001 sp a g 000 0 spa  a8423992004 (Obra completa)04aR 463bR21d1 aReal Academia Española10aDiccionario de la lengua españolacReal Academia Española a21a. edición a2 volúmenes avolumen.1 A-G -- volumen.2 H-Z142LEMBaEspañolvDiccionarios142LEMBaEspañolvDiccionariosxOrtografía142LEMBaEspañolvDiccionariosxGramatica142LEMBaEspañolvVocabulario aMadridbEspasac2001 atextobtxt2rdacontent asin mediaciónbn2rdamedia avolumenbnc2rdacarrier aCO-BoRNBPbspaerdacCO-BoRNBP